Declaración de los jefes de Estado de los países centroamericanos

Furkejuvvon:
Bibliográfalaš dieđut
Materiálatiipa: Texto
Fáddágilkorat: Lasit fáddágilkoriid
Eai fáddágilkorat, Lasit vuosttaš fáddágilkora!

MARC

LEADER 00000 a a2200000 04500
001 2572
003
040
245 |a Declaración de los jefes de Estado de los países centroamericanos  
773 |g número 166; páginas 1-2  
999 |c 32691  |d 32691